| 000 | 00575nam a2200217Ia 4500 | ||
|---|---|---|---|
| 005 | 20250508165235.0 | ||
| 008 | 008 250505s9999 xx 000 0 eng d | ||
| 020 | _a978-1-107-40018-4 | ||
| 037 | _aTextBook | ||
| 040 |
_aFEDL _beng _cFEDL |
||
| 041 |
_aeng _2eng |
||
| 084 |
_a325.3, RAM/R _qFEDL |
||
| 100 | _aRamone Jenni | ||
| 245 | 0 | _aPostcolonial theories | |
| 260 |
_aLondon, UK _bPalgrave Macmillan _c2011 |
||
| 300 | _axvii, 228p. | ||
| 365 |
_aGBP _b17.99 |
||
| 490 | _aTransitions | ||
| 942 |
_cTB _h325.3, RAM/R |
||
| 999 |
_c1394001 _d1394001 |
||